[Event "WGM"]
[Site "Bad Homburg GER"]
[Date "2007.07.09"]
[Round "4"]
[White "Mader,Ma"]
[Black "Michna,Mart"]
[Result "0-1"]
[WhiteElo "2204"]
[BlackElo "2377"]

1.e4 e6 2.d4 d5 3.Nc3 Nf6 4.e5 Nfd7 5.f4 c5 6.Nf3 Nc6 7.Be3 Qb6 8.Na4 Qa5+
9.c3 c4 10.b4 Qc7 11.g3 Be7 12.a3 f5 13.h3 b6 14.g4 O-O 15.gxf5 Rxf5 16.h4 Bd8
17.Bh3 Ne7 18.h5 Nf8 19.Nb2 Bd7 20.Kd2 a5 21.Qg1 Be8 22.Bg4 Ra6 23.Qb1 b5
24.Nd1 Qa7 25.Nf2 h6 26.Qb2 Kh8 27.Qb1 Bf7 28.Nh4 Rxh5 29.Bxh5 Bxh5 30.f5 Nxf5
31.Nxf5 Bg6 32.Qg1 Bxf5 33.Ng4 Nh7 34.Bf4 Bg5 35.Qe3 axb4 36.Bxg5 bxc3+ 37.Ke1 Bxg4
38.Qg3 Rxa3 39.Rxa3 Qxa3 40.Qxg4 Nxg5 41.Rf1 c2  0-1

[Event "Inautomarket Open"]
[Site "Minsk BLR"]
[Date "2007.07.10"]
[Round "1"]
[White "Andrenko,I"]
[Black "Podolchenko,E"]
[Result "0-1"]
[WhiteElo "2108"]
[BlackElo "2458"]

1.e4 e6 2.d4 d5 3.Nc3 Nf6 4.e5 Nfd7 5.f4 c5 6.Nf3 Nc6 7.Be3 a6 8.Ne2 b5 9.c3 Qb6
10.g3 b4 11.Bh3 bxc3 12.bxc3 cxd4 13.cxd4 Bb4+ 14.Kf2 a5 15.a3 Be7 16.f5 exf5
17.Rb1 Qd8 18.Qa4 Ncb8 19.Nf4 O-O 20.Nxd5 Nc5 21.Nxe7+ Qxe7 22.dxc5 f4 23.gxf4 Bxh3
24.Qe4 Ra6 25.Ng5 Rg6 26.Rb7 Qd8 27.Rhb1 Na6 28.R7b6 Qc8 29.Qb7 Qf5 30.Qf3 Bg4
31.Qe4 h6 32.Rxg6 fxg6 33.Qc4+ Kh8 34.Ne4 g5 35.Rf1 gxf4 36.Ke1 Qxe5 37.Qd4 Qb8
38.Bc1 Qb5  0-1

[Event "ch-SVK"]
[Site "Banska Stiavnica SVK"]
[Date "2007.07.11"]
[Round "5"]
[White "Pinter,E"]
[Black "Markos,J"]
[Result "0-1"]
[WhiteElo "2402"]
[BlackElo "2559"]

1.e4 e6 2.d4 d5 3.Nc3 Nf6 4.e5 Nfd7 5.f4 c5 6.Nf3 Nc6 7.Be3 a6 8.Qd2 b5 9.dxc5 Bxc5
10.Bxc5 Nxc5 11.Bd3 b4 12.Nd1 Qb6 13.Qf2 a5 14.O-O Ba6 15.Kh1 h6 16.Bxa6 Rxa6
17.Qg3 O-O 18.Nf2 Ne4 19.Nxe4 dxe4 20.Ng1 Nd4 21.Rac1 Nf5 22.Qe1 Qc6 23.c3 bxc3
24.Rxc3 Qd5 25.Qe2 Rb6 26.b3 Rd8 27.Re1 Rb4 28.Rc4 e3 29.Nf3 Rxc4 30.Qxc4 Qxc4
31.bxc4 Rd3 32.Rc1 e2 33.Re1 Nd4 34.Kg1 Nxf3+ 35.gxf3 Rxf3 36.Rxe2 Rc3 37.Kf2 Rxc4
38.Ke3 Kh7 39.Rg2 Rb4 40.Rd2 Kg6 41.Rg2+ Kh7 42.Rd2 Ra4 43.Rg2 h5 44.Kf3 Ra3+
45.Ke4 h4 46.Rd2 h3 47.Kd4  0-1

[Event "6th Open"]
[Site "La Fere FRA"]
[Date "2007.07.11"]
[Round "7"]
[White "Feryn,B"]
[Black "Deiller,P"]
[Result "0-1"]
[WhiteElo "1876"]
[BlackElo "2084"]

1.e4 e6 2.d4 d5 3.Nc3 Nf6 4.e5 Nfd7 5.f4 c5 6.Nf3 Nc6 7.Be3 cxd4 8.Nxd4 Bc5
9.Be2 a6 10.Nxc6 bxc6 11.Bxc5 Nxc5 12.Qd4 Nd7 13.O-O c5 14.Qf2 O-O 15.Qf3 g6
16.Kh1 Rb8 17.b3 Qa5 18.Qh3 f5 19.Qg3 Rf7 20.Nd1 Nb6 21.Nf2 Bd7 22.Nh3 Bb5
23.Bxb5 axb5 24.Ng5 Re7 25.Qh4 Qa7 26.Rf3 d4 27.Rh3 Nd5 28.Qg3 Qd7 29.Nxh7 Rxh7
30.Qxg6+ Rg7 31.Qh6 Rf8 32.Rf1 Kf7 33.Rff3 Rfg8 34.Rfg3 Rxg3 35.Rxg3 Rxg3
36.hxg3 Qe7 37.Qh7+ Ke8 38.Qg8+ Kd7 39.Qb8 Nc7 40.Qb6 b4 41.Kg1 Ke8 42.Kf2 Kf7
43.Qb8 Kg7 44.Ke2 Nd5 45.Kd3 Nc3 46.Kc4 Ne4 47.Qb6 Qd7 48.Qb8 d3 49.cxd3 Qd4+
50.Kb5 Qxd3+ 51.Ka5 Qd7 52.Qb6 Kf7 53.g4 fxg4 54.f5 exf5 55.Qh6 Qc7+ 56.Kb5 Qd7+
57.Ka5 Qc7+ 58.Kb5 Qxe5 59.Qh7+ Kf8 60.Qh6+ Qg7 61.Qc6 Qf6 62.Qc8+ Kg7 63.Qc7+ Kg6
64.Qd7 Qf7 65.Qc6+ Kg5 66.Qb6 Qb7 67.Qxb7 Nd6+ 68.Kxc5 Nxb7+ 69.Kxb4 f4 70.a4 f3
71.gxf3 gxf3 72.a5 Nxa5 73.Kxa5 f2 74.b4 f1=Q 75.b5 Qa1+ 76.Kb6 Qa8 77.Kc7 Qa7+
78.Kc6 Qb8 79.b6  0-1

[Event "ChIP"]
[Site "Paris FRA"]
[Date "2007.07.11"]
[Round "5"]
[White "David,Alb"]
[Black "Sochacki,W"]
[Result "1-0"]
[WhiteElo "2529"]
[BlackElo "2109"]

1.e4 e6 2.d4 d5 3.Nc3 Nf6 4.e5 Nfd7 5.f4 c5 6.Nf3 Nc6 7.Be3 Qb6 8.Na4 Qa5+
9.c3 b6 10.Bd2 c4 11.b4 Qa6 12.Be2 Be7 13.O-O O-O 14.Qc2 f6 15.Nb2 b5 16.a4 Nb6
17.a5 Nd7 18.Nd1 Nd8 19.Ne3 Kh8 20.exf6 Nxf6 21.Ne5 Nf7 22.Nxf7+ Rxf7 23.Ng4 Bb7
24.Nf2 Re8 25.Bf3 Qc6 26.Rae1 Bd6 27.g3 Qc7 28.Re3 Bc8 29.Rfe1 Rg8 30.Bg2 Re8
31.Bh3 Rfe7 32.R1e2 Kg8 33.Kf1 Nh5 34.Ke1 g6 35.Ng4 Rf8 36.Rf3 Kh8 37.Rff2 Ref7
38.Kd1 Ng7 39.Kc1 Nf5 40.Kb1 Bd7 41.Ne5 Re7 42.g4 Nh4 43.f5 exf5 44.Bg5 Ree8
45.Bxh4 Bxe5 46.Rxe5 Rxe5 47.dxe5 Qxe5 48.Re2 Qf4 49.Bg3 Qh6 50.Be5+ Kg8
51.Bg2  1-0

[Event "XXX Open"]
[Site "Barbera del Valles ESP"]
[Date "2007.07.12"]
[Round "7"]
[White "Ryan,Jo"]
[Black "Almeida Toledano,D"]
[Result "1-0"]
[WhiteElo "2320"]
[BlackElo "2254"]

1.e4 e6 2.d4 d5 3.Nc3 Nf6 4.e5 Nfd7 5.f4 c5 6.Nf3 Nc6 7.Be3 Be7 8.Qd2 O-O
9.Be2 a6 10.O-O b5 11.Nd1 b4 12.dxc5 Nxc5 13.Nd4 Nxd4 14.Bxd4 a5 15.Qe3 Qc7
16.Bf3 Ba6 17.Re1 Rfc8 18.Nf2 Bb7 19.Rac1 Qd8 20.a3 Qe8 21.g4 Rc7 22.f5 Bf8
23.f6 g6 24.Re2 Rac8 25.Rd1 Na4 26.Rc1 Rc4 27.Nd3 Nc5 28.Nxc5 Bxc5 29.Bxc5 R8xc5
30.Kf2 Qf8 31.Rd2 Rc7 32.Kg3 h6 33.h4 Kh7 34.h5 g5 35.Be2 Rf4 36.Bd3+ Kg8
37.Rf2 Rxf2 38.Kxf2 Qc8 39.Qb6 Rc5 40.Qd6 d4 41.Qxd4 Rd5 42.Qe4 Qc5+ 43.Kf1 Rxd3
44.Qxd3 Qxe5 45.Rd1 Qf4+ 46.Ke1 Bd5 47.Qd4 Qh2 48.c4 Qh1+ 49.Kd2 Qg2+ 50.Kc1 Be4
51.Qd2 Qxg4 52.Qd8+ Kh7 53.Qc7 Qf4+ 54.Qxf4 gxf4 55.c5 f3 56.Kd2  1-0

[Event "ch-Montenegro"]
[Site "Cetinje MNE"]
[Date "2007.07.12"]
[Round "2"]
[White "Djukic,Ni"]
[Black "Kosic,D"]
[Result "1-0"]
[WhiteElo "2531"]
[BlackElo "2501"]

1.e4 e6 2.d4 d5 3.Nc3 Nf6 4.e5 Nfd7 5.f4 c5 6.Nf3 Nc6 7.Be3 Be7 8.Qd2 O-O
9.Be2 a6 10.O-O b5 11.a3 Qb6 12.dxc5 Bxc5 13.Bxc5 Nxc5 14.Kh1 Rd8 15.Nd1 Bb7
16.Bd3 b4 17.Ne3 a5 18.f5 Ne4 19.Qe1 Qc7 20.Qh4 Nxe5 21.Nxe5 Qxe5 22.Ng4 Qxb2
23.f6 Kh8 24.Rab1 Qc3 25.Rb3 Qd4 26.Bxe4 dxe4 27.Rh3 h6 28.Nxh6 Qxf6 29.Qe1 Qxf1+
30.Qxf1 gxh6 31.Rg3  1-0

[Event "XXX Open"]
[Site "Barbera del Valles ESP"]
[Date "2007.07.13"]
[Round "8"]
[White "Costa Trave,J"]
[Black "Barbero Senidic,A"]
[Result "0-1"]
[WhiteElo "2013"]
[BlackElo "2163"]

1.d4 Nf6 2.Nc3 e6 3.e4 d5 4.e5 Nfd7 5.Nf3 c5 6.Be2 Nc6 7.Bf4 Qb6 8.Na4 Qa5+
9.c3 cxd4 10.Nxd4 Nxd4 11.b4 Bxb4 12.cxb4 Qxb4+ 13.Bd2 Qe7 14.a3 a5 15.Bd3 Nxe5
16.Bb1 O-O 17.Be3 Nf5 18.Bc5 Qg5 19.O-O Nh4 20.g3 Nhf3+ 21.Kg2 Qg4 22.Ra2 Re8
23.Nb6 Nh4+ 24.Kh1 Nef3 25.gxh4 Qh3  0-1

[Event "6th Open"]
[Site "La Fere FRA"]
[Date "2007.07.13"]
[Round "9"]
[White "Feryn,A"]
[Black "Deiller,P"]
[Result "1/2-1/2"]
[WhiteElo "1893"]
[BlackElo "2084"]

1.e4 e6 2.d4 d5 3.Nc3 Nf6 4.e5 Ne4 5.Nxe4 dxe4 6.Be3 c5 7.c3 Nc6 8.Bb5 Qb6
9.Bxc6+ Qxc6 10.Ne2 b6 11.O-O Be7 12.Ng3 Bb7 13.Qg4 g6 14.Rfd1 O-O-O 15.dxc5 Bxc5
16.Bxc5 Qxc5 17.Qf4 e3 18.Qxe3 Qxe3 19.fxe3 Rd5 20.Rxd5 Bxd5 21.c4 Bb7 22.Rf1 Rf8
23.b3 Kd7 24.Ne2 Ke7 25.Nd4 a6 26.g4 Rc8 27.Kf2 Rc5 28.Nf3 Bxf3 29.Kxf3 Rxe5
30.b4 f5 31.gxf5 exf5 32.Rd1  1/2-1/2

[Event "22nd North Sea Cup"]
[Site "Esbjerg DEN"]
[Date "2007.07.14"]
[Round "2"]
[White "Skaanning,K"]
[Black "Andersen,Dani"]
[Result "1-0"]
[WhiteElo "2198"]
[BlackElo "1997"]

1.e4 e6 2.d4 d5 3.Nc3 Nf6 4.e5 Nfd7 5.f4 c5 6.Nf3 Nc6 7.Be3 cxd4 8.Nxd4 Qb6
9.Qd2 Qxb2 10.Rb1 Qa3 11.Bb5 Nxd4 12.Bxd4 Bb4 13.Rb3 Qa5 14.a3 Be7 15.O-O O-O
16.Qf2 f5 17.Bxd7 Bxd7 18.Rxb7 Rfd8 19.Rfb1 Bf8 20.R1b3 Ba4 21.Nxa4 Qxa4
22.Bc5 Bxc5 23.Qxc5 Qxf4 24.Rxg7+ Kxg7 25.Qe7+ Kg8 26.Qxe6+ Kf8 27.Qf6+ Ke8
28.Qh8+ Kf7 29.Rb7+  1-0

[Event "22nd North Sea Cup"]
[Site "Esbjerg DEN"]
[Date "2007.07.15"]
[Round "4"]
[White "Skaanning,K"]
[Black "Hagen,Andr"]
[Result "0-1"]
[WhiteElo "2198"]
[BlackElo "2241"]

1.e4 e6 2.d4 d5 3.Nc3 Nf6 4.e5 Nfd7 5.f4 c5 6.Nf3 Nc6 7.Be3 Be7 8.Qd2 O-O
9.dxc5 Bxc5 10.O-O-O Qa5 11.Bxc5 Nxc5 12.Nd4 Bd7 13.Kb1 Nxd4 14.Qxd4 Rac8
15.h4 Na4 16.Nxa4 Bxa4 17.Bd3 Bb5 18.f5 Bc4 19.a3 Bxd3 20.Qxd3 Qc7 21.Rhe1 Qc4
22.g3 Qxd3 23.Rxd3 Rc4 24.c3 Rg4 25.Ree3 Rc8 26.b3 b5 27.Rf3 a5 28.Kb2 h5
29.Rd4 Rxd4 30.cxd4 b4 31.axb4 axb4 32.Rf4 exf5 33.Rxf5 Rc3 34.Rxh5 Rxg3
35.Kc2 Rc3+ 36.Kb2 Rd3 37.Rg5 Rxd4 38.h5 Kf8 39.Rf5 Ke7 40.Rg5 Kf8 41.Rf5 Ke7
42.Rg5 Rh4 43.Rxg7 Rxh5 44.Rg4 Rh2+ 45.Kc1 Ke6 46.Rf4 Re2 47.Rf6+ Kxe5 48.Rxf7 Kd4
49.Rf4+ Re4 50.Rf2 Kd3 51.Kd1 d4 52.Rh2 Re3 53.Rh4 Kc3 54.Rg4 Rh3 55.Kc1 Rh1+
56.Rg1 Rxg1+  0-1

[Event "Heart of Finland"]
[Site "Jyvaskyla FIN"]
[Date "2007.07.16"]
[Round "2"]
[White "Agopov,M"]
[Black "Jarvenpaa,J"]
[Result "1-0"]
[WhiteElo "2436"]
[BlackElo "2068"]

1.e4 e6 2.d4 d5 3.Nc3 Nf6 4.e5 Nfd7 5.f4 c5 6.Nf3 Nc6 7.Be3 cxd4 8.Nxd4 Qb6
9.Qd2 Qxb2 10.Rb1 Qa3 11.Bb5 Nxd4 12.Bxd4 a6 13.Bxd7+ Bxd7 14.Rxb7 Bb4 15.O-O Rc8
16.Nb1 Bxd2 17.Nxa3 Ke7 18.g3 Bc3 19.Rd1 Bxd4+ 20.Rxd4 Rc3 21.Rb3 Rhc8 22.Kf2 Rxc2+
23.Nxc2 Rxc2+ 24.Ke3 Rxa2 25.Rd2 Rxd2 26.Kxd2 Bb5 27.Kc3 Kd7 28.Kd4 Kc6 29.g4 h6
30.g5 hxg5 31.fxg5 Kd7 32.g6 fxg6 33.Rg3 Ke7 34.Rxg6 Kf7 35.Rg3 Be2 36.Kc5 g6
37.Re3 Bd1 38.Rd3 Be2 39.Rd2 Bg4 40.Ra2 Bf5 41.Rxa6 g5 42.Ra8 Kg6 43.Rf8 g4
44.Kd4 Kg5 45.Ke3 Be4 46.Rf7 Bc2 47.Kd4 Bb1 48.Rf6 Bf5 49.Ke3 Kh4 50.Rxf5 exf5
51.e6 d4+ 52.Kf4 Kh3 53.e7 d3 54.e8=Q Kxh2 55.Qe1 d2 56.Qxd2+  1-0

[Event "22nd North Sea Cup"]
[Site "Esbjerg DEN"]
[Date "2007.07.18"]
[Round "8"]
[White "Andersen,Mad"]
[Black "Nilsson,Jon"]
[Result "1-0"]
[WhiteElo "2070"]
[BlackElo "1995"]

1.e4 e6 2.d4 d5 3.Nc3 Nf6 4.e5 Nfd7 5.f4 c5 6.Nf3 Nc6 7.Be3 Qb6 8.Qd2 a6
9.O-O-O c4 10.f5 Bb4 11.fxe6 fxe6 12.Bxc4 Bxc3 13.Qxc3 dxc4 14.d5 Nb4 15.Kb1 Nxa2
16.Kxa2 Qb5 17.dxe6 Nc5 18.Bxc5 Qxc5 19.Ng5 O-O 20.Rd6 h6 21.e7 Re8 22.Ne4 Qc7
23.Nf6+ gxf6 24.Qg3+ Kf7 25.Rxf6+ Kxe7 26.Qg7+ Kd8 27.Rd1+ Bd7 28.Rxd7+ Qxd7
29.Rd6 Re7 30.Qf8+ Re8 31.Rxd7+ Kxd7 32.Qd6+ Kc8 33.e6 Rd8 34.Qe7 b6 35.Qf7  1-0

[Event "XII Open"]
[Site "Balaguer ESP"]
[Date "2007.07.21"]
[Round "6"]
[White "Kiran,M"]
[Black "Luther,T"]
[Result "0-1"]
[WhiteElo "2247"]
[BlackElo "2529"]

1.e4 e6 2.d4 d5 3.Nc3 Nf6 4.e5 Nfd7 5.Nce2 c5 6.c3 Nc6 7.f4 Qb6 8.Nf3 f6
9.g3 cxd4 10.cxd4 Be7 11.Bh3 O-O 12.Bxe6+ Kh8 13.exf6 Nxf6 14.Bxc8 Raxc8
15.O-O Ne4 16.Kg2 Nb4 17.Ne1 Bf6 18.Bd2 Nc6 19.Bc3 Ne7 20.f5 Bg5 21.h4 Bxh4
22.g4 Qh6 23.Nf3 Nxf5 24.gxf5 Rxf5 25.Ne5 Rg5+ 26.Kf3 Rf8+ 27.Nf4 Rxf4+ 28.Ke3 Rxf1
29.Qxf1 Rxe5+  0-1

[Event "Sun Pawn Open"]
[Site "Ilichevsk UKR"]
[Date "2007.07.22"]
[Round "3"]
[White "Nyzhnyk,I"]
[Black "Choba,Y"]
[Result "1-0"]
[WhiteElo "2341"]
[BlackElo "1849"]

1.e4 e6 2.d4 d5 3.Nc3 Nf6 4.e5 Nfd7 5.f4 c5 6.Nf3 Nc6 7.Be3 a6 8.Qd2 b5 9.g3 Qb6
10.Bg2 Na5 11.dxc5 Bxc5 12.Bxc5 Qxc5 13.b3 Nc6 14.Ne2 b4 15.Nfd4 O-O 16.Nxc6 Qxc6
17.Qxb4 Qxc2 18.Qd2 Qg6 19.O-O Nb6 20.a4 Rb8 21.Nd4 Bd7 22.Rac1 Nc8 23.Qe2 Rb4
24.Rfd1 Rb6 25.Rc7 Rd8 26.a5 Bb5 27.Nxb5 Rxb5 28.Rdc1 Nb6 29.axb6 Rxb6 30.Rc8 Rb8
31.Qxa6 h5 32.Rxd8+ Rxd8 33.Bf1 Qe4 34.Qe2 Qd4+ 35.Qf2 Qb4 36.f5 exf5 37.Qxf5 g6
38.Qf4 Qxb3 39.Rc6 Qb7 40.Rf6 Re8 41.Bd3 Kg7 42.Qg5 Qa7+ 43.Kg2 Qb8 44.Bxg6 Qxe5
45.Rxf7+ Kg8 46.Rf5 Qe2+ 47.Kh3 Qg4+ 48.Qxg4 hxg4+ 49.Kxg4 Re4+ 50.Kf3 Rd4
51.Bf7+ Kg7 52.Rxd5 Ra4 53.Be8 Ra2 54.h4 Ra3+ 55.Kg4 Re3 56.Bd7 Kf6 57.h5 Re4+
58.Kf3 Re1 59.h6 Rh1 60.Kg4 Rh2 61.Rh5 Rb2 62.h7 Rb4+ 63.Kh3  1-0

[Event "MTO"]
[Site "Biel SUI"]
[Date "2007.07.25"]
[Round "3"]
[White "Rodshtein,M"]
[Black "Matveeva,S"]
[Result "1-0"]
[WhiteElo "2586"]
[BlackElo "2420"]

1.e4 e6 2.d4 d5 3.Nc3 Nf6 4.e5 Nfd7 5.f4 c5 6.Nf3 Nc6 7.Be3 a6 8.Qd2 cxd4
9.Nxd4 Bc5 10.O-O-O O-O 11.h4 Nxd4 12.Bxd4 b5 13.Rh3 b4 14.Na4 Bxd4 15.Qxd4 a5
16.Bb5 Rb8 17.Bd3 Qc7 18.Re1 Qc6 19.b3 Ba6 20.Bxa6 Qxa6 21.f5 Rbc8 22.Rg3 Kh8
23.h5 Rg8 24.Rf3 Rc7 25.g4 Rgc8 26.Rf2 Nc5 27.Nxc5 Rxc5 28.Kb1 Qc6 29.Ree2 Rc3
30.f6 Rh3 31.fxg7+ Kxg7 32.Rf1 Qc5 33.Qd2 Qe7 34.Ref2 Rc7 35.Rf6 Kh8 36.Qg5 Qe8
37.Qh6 Qg8 38.g5 Qg7 39.Rxe6 Qxh6 40.gxh6  1-0

[Event "ch-Gdansk"]
[Site "Gdansk POL"]
[Date "2007.07.29"]
[Round "9"]
[White "Zielinski,S"]
[Black "Cichocki,A"]
[Result "0-1"]
[WhiteElo "2069"]
[BlackElo "2349"]

1.e4 e6 2.d4 d5 3.Nc3 Nf6 4.e5 Nfd7 5.f4 c5 6.Nf3 Nc6 7.Be3 cxd4 8.Nxd4 Bc5
9.Qd2 Bxd4 10.Bxd4 Nxd4 11.Qxd4 Qb6 12.O-O-O Qxd4 13.Rxd4 Ke7 14.Be2 Nb8
15.Bf3 Nc6 16.Rd2 b6 17.Nb5 Bd7 18.Nd4 Nxd4 19.Rxd4 Rac8 20.f5 exf5 21.Bxd5 Be6
22.Rhd1 Bxd5 23.Rxd5 Rhd8 24.Rxd8 Rxd8 25.Rxd8 Kxd8 26.Kd2 Ke7 27.Ke3 Ke6
28.Kd4 g5 29.c4 a5 30.b3 h5 31.a3 h4 32.b4 axb4 33.axb4 g4 34.Ke3 Kxe5 35.c5 f4+
36.Kf2 bxc5 37.bxc5 Kd5 38.g3 fxg3+  0-1

[Event "Open NK"]
[Site "Dieren NED"]
[Date "2007.07.30"]
[Round "6"]
[White "Etmans,M"]
[Black "Goudriaan,E"]
[Result "1/2-1/2"]
[WhiteElo "2207"]
[BlackElo "2071"]

1.e4 e6 2.d4 d5 3.Nc3 Nf6 4.e5 Nfd7 5.Nf3 a6 6.a3 c5 7.dxc5 Bxc5 8.Bd3 Nc6
9.Bf4 f6 10.exf6 Qxf6 11.Bg3 Qf7 12.O-O O-O 13.Bh4 h6 14.Bg3 b5 15.b4 Ba7
16.Qd2 Bb7 17.Rae1 Bb8 18.Re2 Bxg3 19.hxg3 Kh8 20.Nh4 Rfd8 21.Ng6+ Kg8 22.f4 Nf8
23.Ne5 Nxe5 24.Rxe5 Nd7 25.Ree1 Rac8 26.Ne2 Nf6 27.Nd4 Ne4 28.Bxe4 dxe4 29.Qe3 e5
30.fxe5 Qd5 31.c3 Qxe5 32.Rf5 Qd6 33.Ref1 Rf8 34.g4 Rxf5 35.Rxf5 Rf8 36.Rxf8+ Kxf8
37.g5 hxg5 38.Qxg5 Qf6 39.Qxf6+ gxf6 40.Nf5 Ba8 41.Kf2 Kf7 42.Ke3 Ke6 43.Kf4 Bb7
44.Ne3 Bc6 45.g3 Bb7 46.Ng4 Bc8 47.Ne3 Bb7 48.g4 Ba8 49.c4 Bb7 50.c5 Ba8
51.Nf5 Kd5 52.Ng3 Kd4 53.Kf5 Ke3 54.Kxf6 Kf4 55.Nxe4 Kxg4 56.Ke5 a5 57.bxa5 Kf3
58.Nc3 Ke3 59.Nxb5 Kd3 60.Kd6 Kc4 61.c6 Kxb5  1/2-1/2

[Event "Open NK"]
[Site "Dieren NED"]
[Date "2007.08.01"]
[Round "8"]
[White "Van Delft,M"]
[Black "Barua,D"]
[Result "1/2-1/2"]
[WhiteElo "2408"]
[BlackElo "2462"]

1.e4 e6 2.d4 d5 3.Nc3 Nf6 4.e5 Nfd7 5.f4 c5 6.Nf3 Nc6 7.Be3 a6 8.Qd2 b5 9.dxc5 Bxc5
10.Ne2 Qb6 11.Bxc5 Nxc5 12.Ned4 Bb7 13.Nxc6 Bxc6 14.Qd4 b4 15.Be2 Rb8 16.O-O Na4
17.Qxb6 Rxb6 18.b3 Nc3 19.Bd3 Bb5 20.Nd4 g6 21.Kf2 Ke7 22.Ke3 Rc8 23.g4 f6
24.h4 Rf8 25.exf6+ Rxf6 26.g5 Rf8 27.h5 Bxd3 28.cxd3 Nb5 29.Nxb5 Rxb5 30.Rac1 Kd6
31.d4 Rbb8 32.Rc5 Rfc8 33.hxg6 hxg6 34.Rfc1 Rxc5 35.Rxc5 Rh8 36.Ra5 Ra8 37.Kf3 Kc6
38.Rc5+ Kd7 39.Ra5 Kd6 40.Kg3 Kc7 41.Rc5+ Kd6 42.Ra5 Kc6  1/2-1/2

[Event "ch-AUT"]
[Site "Tweng AUT"]
[Date "2007.08.05"]
[Round "2"]
[White "Ragger,M"]
[Black "Alvir,A"]
[Result "1-0"]
[WhiteElo "2529"]
[BlackElo "2375"]

1.e4 e6 2.d4 d5 3.Nc3 Nf6 4.e5 Nfd7 5.f4 c5 6.Nf3 Nc6 7.Be3 cxd4 8.Nxd4 Bc5
9.Qd2 O-O 10.O-O-O a6 11.Kb1 Qc7 12.Qf2 Nxd4 13.Bxd4 b5 14.Qh4 Bb7 15.Bd3 g6
16.Ne2 Nb6 17.Rhf1 Na4 18.Rf3 Qe7 19.Qh6 Bxd4 20.Nxd4 f5 21.h4 Rae8 22.h5 gxh5
23.Nxe6 Rf7 24.Nd4 Qb4 25.Nb3 Bc8 26.Qxh5 Qf8 27.Rg3+ Kh8 28.Rh1 Ree7 29.Rg6 Bd7
30.Nd4 Nc5 31.Rh6 Nxd3 32.cxd3 Rg7 33.e6  1-0

[Event "Open"]
[Site "Dubna RUS"]
[Date "2007.08.06"]
[Round "4"]
[White "Chugunov,S2"]
[Black "Voronkov,D"]
[Result "1/2-1/2"]
[WhiteElo "2315"]
[BlackElo "1986"]

1.e4 e6 2.d4 d5 3.Nc3 Nf6 4.e5 Nfd7 5.f4 c5 6.Nf3 Nc6 7.Be3 Qb6 8.Na4 Qa5+
9.c3 cxd4 10.b4 Qd8 11.Nxd4 a6 12.Bd3 Nxd4 13.Bxd4 b5 14.Nb2 Nb6 15.a4 Nc4
16.Nxc4 bxc4 17.Bc2 Bd7 18.O-O Be7 19.Qe2 O-O 20.Qh5 g6 21.Qh6 f5 22.exf6 Bxf6
23.Bxg6 Bxd4+ 24.cxd4 Qe7 25.Bc2 Rf7 26.Rab1 Rb8 27.f5 exf5 28.Rfe1 Qf6 29.Qxf6 Rxf6
30.Re5 Be6 31.Kf2 h6 32.b5 axb5 33.Rxb5 Rxb5 34.axb5 Kf8 35.b6 Bf7 36.Rxf5 Rxb6  1/2-1/2

[Event "12th WY U16 Ol"]
[Site "Singapore SIN"]
[Date "2007.08.07"]
[Round "5"]
[White "Shyam,N"]
[Black "Balog,I1"]
[Result "1-0"]
[WhiteElo "2325"]
[BlackElo "2376"]

1.e4 e6 2.d4 d5 3.Nc3 Nf6 4.e5 Nfd7 5.Nce2 c5 6.c3 Nc6 7.f4 f6 8.Nf3 cxd4
9.cxd4 Bb4+ 10.Bd2 Bxd2+ 11.Qxd2 O-O 12.h4 Nb6 13.b3 a5 14.a4 Bd7 15.Nc3 Qe7
16.Be2 Rac8 17.O-O Qb4 18.Nb5 fxe5 19.Qxb4 axb4 20.a5 e4 21.Ne5 Nxe5 22.fxe5 Rc2
23.Rxf8+ Kxf8 24.axb6 Rxe2 25.Nd6 Bc6 26.Rc1 e3 27.Kf1 Rf2+ 28.Ke1 Bd7 29.Rc7 Ba4
30.Rxb7 Bxb3 31.Rc7  1-0

[Event "ch-Euro Rapid Women"]
[Site "Predeal ROM"]
[Date "2007.08.08"]
[Round "4"]
[White "Babei,A"]
[Black "Padurariu,I"]
[Result "0-1"]
[WhiteElo "1964"]
[BlackElo "2212"]

1.e4 e6 2.d4 d5 3.Nc3 Nf6 4.e5 Nfd7 5.f4 c5 6.Nf3 Nc6 7.Be3 a6 8.Be2 b5 9.dxc5 Bxc5
10.Bxc5 Nxc5 11.Nd4 Qb6 12.Nxc6 Qxc6 13.Qd4 Qb6 14.Bf3 Bb7 15.O-O b4 16.Ne2 Na4
17.Qxb6 Nxb6 18.b3 a5 19.Nd4 g6 20.Nb5 Ke7 21.Nd4 h5 22.Rad1 a4 23.Rf2 axb3
24.cxb3 Rhc8 25.Rfd2 Rc5 26.Kf2 Rca5 27.Nc2 Rxa2 28.Nxb4 Rxd2+ 29.Rxd2 Ra3
30.Rb2 Nd7 31.Nc2 Ra8 32.Nd4 Rc8 33.b4 Rc4 34.Nb5 Rxf4 35.Nd6 Ba8 36.g3 Nxe5
37.gxf4 Nd3+ 38.Ke3 Nxb2 39.Nc8+ Kd8 40.Nb6 d4+ 41.Kf2 Bxf3 42.Kxf3 Kc7  0-1

[Event "12th WY U16 Ol"]
[Site "Singapore SIN"]
[Date "2007.08.08"]
[Round "7"]
[White "Kanmazalp,O"]
[Black "Pap,G"]
[Result "0-1"]
[WhiteElo "2093"]
[BlackElo "2424"]

1.e4 e6 2.d4 d5 3.Nc3 Nf6 4.e5 Nfd7 5.f4 c5 6.Nf3 Nc6 7.Be3 a6 8.Qd2 b5 9.dxc5 Bxc5
10.Bxc5 Nxc5 11.Qf2 Qb6 12.b4 Nxb4 13.Rb1 Nc6 14.Bxb5 Bd7 15.O-O O-O 16.Bd3 Qa7
17.Kh1 h6 18.Ne2 Rab8 19.Ned4 Nxd4 20.Nxd4 Rxb1 21.Rxb1 Nxd3 22.cxd3 Bb5
23.Rd1 Rc8 24.Qb2 Qc5 25.h3 Qc3 26.Qxc3 Rxc3 27.Nxb5 axb5 28.Rd2 g5 29.fxg5 hxg5
30.Kg1 Kg7 31.Kf2 f6 32.exf6+ Kxf6 33.Ke3 Ke5 34.Rb2 Ra3 35.g3 Ra4 36.Rh2 d4+
37.Kf3 Ra3 38.Rd2 Kf5 39.Ke2 e5 40.Rb2 g4 41.hxg4+ Kxg4 42.Rc2 b4 43.Rb2 e4
44.Rxb4 Rxa2+  0-1

[Event "UTwente YM"]
[Site "Hengelo NED"]
[Date "2007.08.10"]
[Round "7"]
[White "Pruijssers,R"]
[Black "Michielsen,J"]
[Result "0-1"]
[WhiteElo "2427"]
[BlackElo "2314"]

1.e4 e6 2.d4 d5 3.Nc3 Nf6 4.e5 Nfd7 5.f4 c5 6.Nf3 Nc6 7.Be3 Be7 8.dxc5 O-O
9.Na4 Qa5+ 10.c3 b5 11.cxb6 axb6 12.b3 b5 13.Nb2 Qxc3+ 14.Qd2 Bb4 15.Kd1 Qxb3+
16.axb3 Rxa1+ 17.Qc1 Rxc1+ 18.Kxc1 Ba6 19.Nd3 Bc3 20.Bd2 b4 21.Kb1 Ra8 22.Nc1 Nc5
23.Bxa6 Rxa6 24.Rd1 Kf8 25.Bxc3 bxc3 26.Nd4 Nb4 27.Nc2 Rb6 28.Nd4 Ne4 29.Nce2 Ra6  0-1

[Event "Open"]
[Site "Kavala GRE"]
[Date "2007.08.11"]
[Round "8"]
[White "Banikas,H"]
[Black "Danielian,E"]
[Result "1-0"]
[WhiteElo "2567"]
[BlackElo "2439"]

1.e4 e6 2.d4 d5 3.Nc3 Nf6 4.e5 Nfd7 5.f4 c5 6.Nf3 Nc6 7.Be3 cxd4 8.Nxd4 Bc5
9.Qd2 O-O 10.g3 a6 11.Bg2 Qc7 12.Nce2 Ne7 13.a4 Ba7 14.O-O Nc5 15.Nc3 Nc6
16.Qf2 Nd7 17.Nce2 Nb6 18.b3 Bd7 19.Rfc1 Na5 20.Ra3 Nc8 21.c4 dxc4 22.b4 Bxd4
23.Bxd4 Nc6 24.Rxc4 N8e7 25.Bc5 Rfe8 26.Nc3 Qb8 27.Bd6 Qd8 28.Ra2 Nf5 29.Rd2 Nxd6
30.Rxd6 Qe7 31.Qb6 Rac8 32.Rc5 a5 33.b5 Nb8 34.Bxb7 Rxc5 35.Qxc5 f6 36.Ne4 fxe5
37.Qxe5 Rf8 38.Bd5 Kh8 39.Bxe6 Bxe6 40.Rxe6 Qd7 41.Re7 Qd1+ 42.Kg2 Rg8 43.Ng5 Qc2+
44.Kh3 h6 45.Nf7+ Kh7 46.Nxh6 Qc8+ 47.Ng4  1-0

[Event "FSGM August"]
[Site "Budapest HUN"]
[Date "2007.08.12"]
[Round "7"]
[White "Fogarasi,T"]
[Black "Berczes,D"]
[Result "1/2-1/2"]
[WhiteElo "2425"]
[BlackElo "2450"]

1.e4 e6 2.d4 d5 3.Nc3 Nf6 4.e5 Nfd7 5.f4 c5 6.Nf3 Nc6 7.Be3 Be7 8.dxc5 O-O
9.Qd2 Bxc5 10.Bxc5 Nxc5 11.O-O-O Qa5 12.Kb1 Bd7 13.Qe3 Rfc8 14.a3 Ne7  1/2-1/2

[Event "Open"]
[Site "Callao PER"]
[Date "2007.08.12"]
[Round "6"]
[White "Calcina,G"]
[Black "Mamani,U"]
[Result "1/2-1/2"]
[WhiteElo "2126"]
[BlackElo "2153"]

1.e4 e6 2.d4 d5 3.Nc3 Nf6 4.e5 Nfd7 5.Nf3 c5 6.dxc5 Nc6 7.Bf4 Bxc5 8.Bd3 a6
9.Qe2 b5 10.O-O Be7 11.Nd2 g5 12.Bg3 h5 13.h4 gxh4 14.Bh2 h3 15.gxh3 Bb7
16.f4 Bc5+ 17.Kh1 Qh4 18.a4 b4 19.Nd1 Qxh3 20.c3 Rg8 21.cxb4 Nxb4 22.Bb1 d4+
23.Be4 d3 24.Qf3 Bxe4 25.Qxe4 Ke7 26.Nf2 Bxf2 27.Rxf2 Nc2 28.Rc1 Qf5 29.Qc6 a5
30.Rf3 Nb4 31.Qd6+ Ke8 32.Rg1 Rg4  1/2-1/2

[Event "Open"]
[Site "Kavala GRE"]
[Date "2007.08.12"]
[Round "9"]
[White "Mastrovasilis,D"]
[Black "Maric,A"]
[Result "1-0"]
[WhiteElo "2541"]
[BlackElo "2398"]

1.e4 e6 2.d4 d5 3.Nc3 Nf6 4.e5 Nfd7 5.f4 c5 6.Nf3 Nc6 7.Be3 a6 8.Qd2 b5 9.Qf2 Qb6
10.Bd3 Rb8 11.O-O cxd4 12.Nxd4 Nxd4 13.Bxd4 Qxd4 14.Qxd4 Bc5 15.Ne2 Bxd4+
16.Nxd4 g6 17.b4 Nb6 18.g4 Rb7 19.Rae1 Rc7 20.Rf3 Bd7 21.Kf2 h5 22.Rh3 Ke7
23.gxh5 Rxh5 24.Rxh5 gxh5 25.Rg1 Rc8 26.h4 Na4 27.Ke3 Nc3 28.a3 Ne4 29.Nb3 Rc3
30.Rg7 Be8 31.Kd4 Kf8 32.Rg2 Bc6 33.Na5 Ba8 34.Bxe4  1-0

[Event "12th WY U16 Ol"]
[Site "Singapore SIN"]
[Date "2007.08.12"]
[Round "10"]
[White "Mustafaev,J"]
[Black "Thorgeirsson,S"]
[Result "1-0"]
[WhiteElo "2270"]
[BlackElo "2064"]

1.e4 e6 2.d4 d5 3.Nc3 Nf6 4.e5 Nfd7 5.f4 c5 6.Nf3 Nc6 7.Be3 a6 8.Qd2 b5 9.a3 Bb7
10.Qf2 Qb6 11.dxc5 Bxc5 12.Bxc5 Nxc5 13.Bd3 b4 14.axb4 Nxb4 15.O-O d4 16.Nxd4 Ncxd3
17.cxd3 Rd8 18.Nce2 Nxd3 19.Qe3 Nb4 20.Rad1 O-O 21.Nf5 Qxe3+ 22.Nxe3 Be4
23.Nc3 Bd3 24.Rf2 Rd4 25.Nc2 Nxc2 26.Rxc2 Rfd8 27.Rcd2 R4d7 28.Kf2 Kf8 29.Ke3 Bb5
30.Nxb5 Rxd2 31.Rxd2 Rxd2 32.Kxd2 axb5 33.Kc3 f6 34.Kb4 g5 35.g3 h5 36.Kxb5  1-0

[Event "12th WY U16 Ol"]
[Site "Singapore SIN"]
[Date "2007.08.12"]
[Round "10"]
[White "Maulana,Y"]
[Black "Balog,I1"]
[Result "0-1"]
[WhiteElo "2032"]
[BlackElo "2376"]

1.e4 e6 2.d4 d5 3.Nc3 Nf6 4.e5 Nfd7 5.f4 c5 6.Nf3 Nc6 7.Be3 a6 8.Qd2 b6 9.Be2 Bb7
10.O-O Be7 11.Kh1 Qc7 12.Na4 Rc8 13.Rac1 Na5 14.b3 c4 15.b4 c3 16.Nxc3 Nc4
17.Bxc4 Qxc4 18.Ne2 Bxb4 19.c3 Ba3 20.Rb1 Bc6 21.Nfg1 g6 22.Rf3 Bb5 23.Bf2 Be7
24.Rh3 Kd8 25.Bh4 Bxh4 26.Rxh4 Kc7 27.Rh3 Kb7 28.Rb3 Nb8 29.Rb4 Qc7 30.a4 Bc4
31.Nc1 Ka7 32.Nd3 Nc6 33.Rb1 Na5 34.Nb4 Bb3 35.Ra1 Qd7 36.Qd3 Bc4 37.Qc2 Qe7
38.Rb1 Rc7 39.Nf3 h5 40.Nd2 Rhc8 41.Qb2 Rb7 42.Nc2 Qd7 43.Qa3 Qe7 44.Qb2 Rcb8
45.Nb4 Qd7 46.Nxc4 Nxc4 47.Qa2 Rc7 48.Nd3 Na5 49.Nf2 Rc4 50.Ra1 b5 51.axb5 Qxb5
52.Nd3 Ra4 53.Qxa4 Qxa4  0-1